| 000 | 00856cam a2200289 a 4500 | ||
|---|---|---|---|
| 001 | 16950460 | ||
| 005 | 20230522150454.0 | ||
| 008 | 110907s2008 cau 001 0 eng | ||
| 010 | _a 2011292463 | ||
| 020 | _a9781557767356 (pbk.) | ||
| 040 |
_aDLC _cDLC |
||
| 042 | _apcc | ||
| 043 | _an-us--- | ||
| 050 | 0 | 0 |
_aHV5825 _b.N28 2008 |
| 082 | _a362.2 | ||
| 245 | 0 | 0 | _aNarcotics anonymous. |
| 250 | _a6th ed. | ||
| 260 |
_aChatsworth, CA : _bNarcotics Anonymous World Services, _c2008. |
||
| 300 |
_axxvi, 425 p. ; _c24 cm. |
||
| 490 | 0 | _aNA World Services | |
| 500 | _aIncludes index. | ||
| 500 | _a"25th anniversary commemorative sixth edition published 2008"--T.p. verso. | ||
| 610 | 2 | 0 | _aNarcotics Anonymous. |
| 650 | 0 |
_aDrug addicts _xRehabilitation _zUnited States _vCase studies. |
|
| 710 | 2 | _aNarcotics Anonymous. | |
| 942 |
_2ddc _cMAIN |
||
| 999 |
_c9589 _d9590 |
||